| 000 | 00443nam a2200181Ia 4500 | ||
|---|---|---|---|
| 001 | 20426 | ||
| 005 | 20260306172805.0 | ||
| 008 | 260306t2009||||xx |||||||||||||| ||spa|| | ||
| 041 | _aESP | ||
| 082 |
_a343.2J _bM44 |
||
| 100 |
_aMesías Ramírez, Carlos _eAUT |
||
| 245 | 0 | _aLos recursos procesales constitucionales | |
| 260 | _c2009 | ||
| 300 |
_a230 páginas : _c24 cm. |
||
| 650 | _aGEN | ||
| 654 | _aCDE | ||
| 942 |
_cLIB _dJUS _fJUS _2ddc _n |
||
| 999 |
_c20426 _d20426 |
||